00400 2200157 4500245005500000020002200055250001100077100001600088700002500104005001900129260004100148041001400189084001000203300002000213336000900233 aKreatif Handmate Membuatku KayacAhmad RifaihText a978-602-8823-95-1 aCet. 1 aAhmad Rifai aSuro Udioko Prapanca a20230525100450 aDepokbCV BINAMUDA CIPTAKREASIc2013 aIndonesia a745.5 a66 hlm. :c25cm atext